[Event "Graz op-B"]
[Site "Graz"]
[Date "1999.??.??"]
[Round "8"]
[White "Hrdlicka, Christian"]
[Black "Hirmann, Peter"]
[Result "0-1"]
[WhiteElo "1965"]
[BlackElo "1845"]
[PlyCount "72"]
[EventDate "1999.09.17"]
[EventType "swiss"]
[EventRounds "9"]
[EventCountry "AUT"]
[SourceTitle "EXT 2001"]
[Source "ChessBase"]
[SourceDate "2000.11.22"]
[SourceVersion "1"]
[SourceVersionDate "2000.11.22"]
[SourceQuality "1"]

1. e4 e6 2. d4 d5 3. Nc3 Nf6 4. e5 Nfd7 5. f4 c5 6. Nf3 Nc6 7. Be3 Qb6 8. Na4 Qa5+ 9. c3 b6 10. Bd2 c4 11. b4 Nxb4 12. cxb4 Bxb4 13. Qc2 Bxd2+ 14. Nxd2 b5 15. Nc3 b4 16. Qa4 Qxa4 17. Nxa4 Bb7 18. Nf3 Bc6 19. Nb2 a5 20. Kf2 a4 21. Be2 a3 22. Nxc4 dxc4 23. Bxc4 Nb6 24. Bb3 Bd5 25. Nd2 Bxb3 26. Nxb3 Nd5 27. g3 Nc3 28. Rhc1 Kd7 29. Rc2 Kc6 30. Ke3 Kd5 31. Kd3 Rhc8 32. Rac1 Rc4 33. Rg2 Rac8 34. Rgc2 R8c7 35. h4 h5 36. Ke3 Nxa2 0-1

[Event "Graz op-B"]
[Site "Graz"]
[Date "1999.??.??"]
[Round "4"]
[White "Hrdlicka, Christian"]
[Black "Krassnitzer, Otto"]
[Result "0-1"]
[WhiteElo "1965"]
[BlackElo "1890"]
[PlyCount "42"]
[EventDate "1999.09.17"]
[EventType "swiss"]
[EventRounds "9"]
[EventCountry "AUT"]
[SourceTitle "EXT 2001"]
[Source "ChessBase"]
[SourceDate "2000.11.22"]
[SourceVersion "1"]
[SourceVersionDate "2000.11.22"]
[SourceQuality "1"]

1. e4 g6 2. d4 Bg7 3. Be3 d6 4. Qd2 Nf6 5. f3 0-0 6. Nc3 e5 7. 0-0-0 exd4 8. Bxd4 Nc6 9. Be3 a6 10. Nge2 b5 11. Bh6 b4 12. Bxg7 Kxg7 13. Nd5 a5 14. Qg5 Nxd5 15. Qxd5 Bd7 16. f4 a4 17. e5 b3 18. axb3 axb3 19. Nd4 Nxd4 20. Qxd4 dxe5 21. Qd3 Bf5 0-1

[Event "Graz op-B"]
[Site "Graz"]
[Date "1999.??.??"]
[Round "1"]
[White "Korp, Kathrin"]
[Black "Hrdlicka, Christian"]
[Result "1/2-1/2"]
[WhiteElo "1785"]
[BlackElo "1965"]
[PlyCount "115"]
[EventDate "1999.09.17"]
[EventType "swiss"]
[EventRounds "9"]
[EventCountry "AUT"]
[SourceTitle "EXT 2001"]
[Source "ChessBase"]
[SourceDate "2000.11.22"]
[SourceVersion "1"]
[SourceVersionDate "2000.11.22"]
[SourceQuality "1"]

1. Nf3 Nf6 2. d4 g6 3. c4 Bg7 4. Nc3 d5 5. e3 0-0 6. cxd5 Nxd5 7. Be2 c5 8. 0-0 Nc6 9. Qb3 Nxc3 10. bxc3 Na5 11. Qa3 cxd4 12. cxd4 b6 13. Bd2 Bf5 14. Rac1 Rc8 15. Rxc8 Bxc8 16. Rc1 Bf6 17. Bxa5 bxa5 18. Rc5 Qb6 19. Rb5 Qc6 20. Rxa5 Qc2 21. Qd3 Qc1+ 22. Qd1 Qc7 23. Rc5 Qb6 24. Qb3 Be6 25. Bc4 Bxc4 26. Rxc4 Qxb3 27. axb3 Rb8 28. Rc3 e6 29. Kf1 Kf8 30. Ke2 Ke8 31. Nd2 Kd7 32. Ne4 Be7 33. Nd2 Bb4 34. Rd3 Bxd2 35. Kxd2 Kc6 36. Kc2 Rb7 37. Rc3+ Kb6 38. Rc4 Rd7 39. Rc5 h5 40. h4 Kb7 41. Kc3 Rd6 42. Rb5+ Kc7 43. b4 Rd7 44. Kc4 Kc6 45. e4 Rxd4+ 46. Kxd4 Kxb5 47. Kc3 e5 48. f3 f5 49. g3 fxe4 50. fxe4 Kc6 51. Kc4 a6 52. Kc3 Kb6 53. Kb2 Kb7 54. Kb3 Kc7 55. Kc3 Kb7 56. Kc4 Kc6 57. Kb3 Kb7 58. Kc4 1/2-1/2